01376nam a2200265 a 4500001001000000005001700010008004100027041000800068044000700076084002600083100004500109245009500154260004000249300003600289500012500325500009900450500026900549500004000818500001500858650005200873650005600925650003400981650004501015740005001060BRCA_237520190320203759.0071108s1928----sp-#---###---#000-0#spa-u aspa asp a016b.M67c1928 F16081 aCervantes Saavedra, Miguel ded1547-161610aEl Ingenioso Hidalgo Don Quixote de la Manchaccompuesto por Miguel de Cervantes Saavedra. aBarcelonabMontaner y Simónc1928 a1 v. (sin paginación)c24 cm. aConetnido : Tasa. Privilegio. Dedicatoria del autor al Duque de Béjar. Prólogo del autor. Versos preliminares. Texto aFacsímil de : El ingenioso hidalgo Don Quixote de la Mancha. Madrid: Juan de la Cuesta, 1608 aFacsímil de la tercera edición de la primera parte de Cuesta, igula al LO-015. Publicado por MOntaner y Simón, en Barcelona, el año de 1928. Ejemplar encuadernado en tela verde, adornado con escudo dorado de la primera edición de la tapa Lúdovik Osterc aExistencias : Complementa al LO-028 aQMR119 (?)14aNovela españolayÉpoca clásica, 1500-170014aLiteratura españolayÉpoca clásica, 1500-170014aNovela españolaySiglo XVII14aDon Quijote (Personaje ficticio)eNovela0 aEl Ingenioso Hidalgo Don Quijote de la Mancha